| 000 | 01198nam a2200205Ii 4500 | ||
|---|---|---|---|
| 003 | JO-AjNU | ||
| 008 | 230605s9999||||xx |||||||||||||| ||und|| | ||
| 017 | _a2016/8/4040 | ||
| 040 |
_aJO-AjNU _bara _erda _cJO-AjNU |
||
| 041 | _aara | ||
| 050 | 1 | 4 | _aDS154.53.W37 2017 |
| 100 | 3 |
_aعبدالله بن الحسين بن علي، ملك الأردن، 1988 - 1951؛ اشراف البخيت، محمد عدنان؛ جمع وإعداد هند غسان أبو الشعر؛ المتابعة والتنسيق باسل غازي الجغامين, _eauthor _959477 |
|
| 245 | 0 | 0 | _aالوثائق الهاشمية: أوراق عبدالله بن الحسين: العلاقات الأردنية - اللبنانية ما بين (1937-1951م)، مج21 |
| 264 | 3 | 1 | _aعمان: الجامعة الاردنية: مركز الوثائق والمخطوطات ودراسات بلاد الشام، 2017 |
| 300 | _aمج21: 215ص | ||
| 336 |
_atext _btxt _2rdacontent |
||
| 337 |
_aunmediated _bn _2rdamedia |
||
| 338 |
_avolume _bnc _2rdacarrier |
||
| 650 | 4 |
_aالاردن - تاريخ - الملك عبدالله بن الحسين الاول -العلاقات الاردنية اللبنانية 1937-1951م _959478 |
|
| 999 |
_aA26767 _c30335 _d30335 |
||